| 000 | 00827 a2200253 4500 | ||
|---|---|---|---|
| 999 |
_c8916 _d8916 |
||
| 020 | _a9780130989291 | ||
| 050 | 0 | 0 | _aE178.1 OUT 2003 |
| 245 | 0 | 0 |
_aOut of Many. _ba History of the American People / _cJohn Mack Faragher ... [et al.] ; revised and updated by Kathryn A. Abbott. |
| 250 | _a4th ed. | ||
| 264 |
_aNew Jersey: _bPrentice Hall, _c2003. |
||
| 300 | _av; 483p. | ||
| 500 | _atext | ||
| 504 | _aIncludes bibliographical references. | ||
| 650 | _aFaragher, John Mack, | ||
| 650 | _aAbbott, Kathryn A. | ||
| 651 | 0 | _aUnited States | |
| 700 | 1 |
_aFaragher, John Mack, _d1945- |
|
| 700 | 1 | _aBuhle, Mari Jo, | |
| 700 | 1 | _aCzitrom, Daniel | |
| 700 | 1 | _aArmitage, Susan | |
| 700 | 1 | _aAbbott, Kathryn A. | |
| 942 |
_2lcc _cBK _h178.1 _iOUT _kE |
||